|
|
|
|
| LEADER |
05601nam a22005537a 4500 |
| 001 |
7877 |
| 003 |
BD-DhAAL |
| 005 |
20250813170743.0 |
| 008 |
141115r20222012bg ||||| b||| 00| 0 ben d |
| 020 |
|
|
|a 9844080185
|
| 020 |
|
|
|a 9844080188
|
| 040 |
|
|
|a BD-DhAAL
|c BD-DhAAL
|
| 041 |
|
|
|a ben
|
| 082 |
|
|
|2 22
|a 954.92
|
| 100 |
|
|
|a খান, কে. এম. রাইছউদ্দীন.
|9 6012
|
| 245 |
|
|
|a বাংলাদেশ ইতিহাস পরিক্রমা :
|b প্রাচীন, মধ্য ও আধুনিক যুগ /
|c কে. এম. রাইছউদ্দীন খান.
|
| 250 |
|
|
|a পরিমার্জিত ও পরিবর্ধিত একাদশ সংস্করণ, ষোড়শ সংস্করণ
|
| 260 |
|
|
|a ঢাকা :
|b খান ব্রাদার্স অ্যান্ড কোম্পানি,
|c ২০১২ [পুণমুর্দ্রণ ২০২২].
|
| 300 |
|
|
|a ৭৬৮ পৃষ্ঠা,
|a ৮৭৯ পৃষ্ঠা ;
|b ২২ সে. মি.
|
| 504 |
|
|
|a গ্রন্থপঞ্জিগত নির্দেশিকা অন্তভূক্ত
|
| 526 |
|
|
|a GenEd
|
| 541 |
|
|
|a Development book agency
|e 7877, 41565, 41566, 41567, 41568, 41569, 41570, 41571, 41572,41573, 41574
|
| 651 |
|
|
|a Bengal (India)
|x History.
|
| 651 |
|
|
|a Bangladesh
|x History.
|
| 651 |
|
|
|a Bangladesh.
|
| 942 |
|
|
|2 ddc
|c BK
|
| 999 |
|
|
|c 33038
|d 33038
|
| 952 |
|
|
|0 0
|1 0
|2 ddc
|4 0
|6 954_920000000000000_KHA
|7 0
|9 44049
|a SCL
|b SCL
|c GEN
|d 2014-11-15
|g 360.00
|l 25
|m 102
|o 954.92 KHA
|p 3020007877
|r 2024-12-04
|s 2024-11-02
|t 1
|w 2014-11-15
|y BK
|
| 952 |
|
|
|0 0
|1 0
|2 ddc
|4 0
|6 954_920000000000000_KHA
|7 0
|9 44161
|a SCL
|b SCL
|c GEN
|d 2014-11-23
|g 360.00
|l 28
|m 84
|o 954.92 KHA
|p 3020007876
|r 2024-09-22
|s 2024-09-13
|t 2
|w 2014-11-23
|y BK
|
| 952 |
|
|
|0 0
|1 0
|2 ddc
|4 0
|6 954_920000000000000_KHA
|7 0
|9 44162
|a SCL
|b SCL
|c GEN
|d 2014-11-23
|g 360.00
|l 34
|m 115
|o 954.92 KHA
|p 3020008057
|r 2025-07-28
|s 2025-07-21
|t 3
|w 2014-11-23
|y BK
|
| 952 |
|
|
|0 0
|1 0
|2 ddc
|4 0
|6 954_920000000000000_KHA
|7 0
|9 44163
|a SCL
|b SCL
|c GEN
|d 2014-11-23
|g 360.00
|l 18
|m 67
|o 954.92 KHA
|p 3020008056
|r 2025-01-12
|s 2025-01-11
|t 4
|w 2014-11-23
|y BK
|
| 952 |
|
|
|0 0
|1 0
|2 ddc
|4 0
|6 954_920000000000000_KHA
|7 0
|9 44165
|a SCL
|b SCL
|c GEN
|d 2014-11-23
|g 360.00
|l 29
|m 77
|o 954.92 KHA
|p 3020006989
|r 2024-04-03
|s 2024-01-28
|t 5
|w 2014-11-23
|y BK
|
| 952 |
|
|
|0 0
|1 0
|2 ddc
|4 0
|6 954_920000000000000_KHA
|7 0
|9 44166
|a SCL
|b SCL
|c GEN
|d 2014-11-23
|g 360.00
|l 2
|m 8
|o 954.92 KHA
|p 3020006990
|r 2017-10-31
|s 2017-09-18
|t 6
|w 2014-11-23
|y BK
|
| 952 |
|
|
|0 0
|1 0
|2 ddc
|4 0
|6 954_920000000000000_KHA
|7 0
|9 44167
|a SCL
|b SCL
|c GEN
|d 2014-11-23
|g 360.00
|l 30
|m 76
|o 954.92 KHA
|p 3020007879
|r 2025-09-16
|s 2025-08-27
|t 7
|w 2014-11-23
|y BK
|
| 952 |
|
|
|0 0
|1 0
|2 ddc
|4 0
|6 954_920000000000000_KHA
|7 0
|9 54776
|a SCL
|b SCL
|c GEN
|d 2015-07-06
|g 360.00
|l 32
|m 59
|o 954.92 KHA
|p 3020008055
|r 2025-07-31
|s 2025-07-24
|t 8
|w 2015-07-06
|y BK
|
| 952 |
|
|
|0 0
|1 0
|2 ddc
|4 0
|6 954_920000000000000_KHA
|7 0
|9 54777
|a SCL
|b SCL
|c GEN
|d 2015-07-06
|g 360.00
|l 33
|m 91
|o 954.92 KHA
|p 3020008058
|r 2025-07-28
|s 2025-07-24
|t 9
|w 2015-07-06
|y BK
|
| 952 |
|
|
|0 0
|1 0
|2 ddc
|4 0
|6 954_920000000000000_KHA
|7 0
|9 55113
|a SCL
|b SCL
|c GEN
|d 2015-08-04
|g 360.00
|l 25
|m 87
|o 954.92 KHA
|p 3020008054
|r 2024-12-04
|s 2024-12-04
|t 10
|w 2015-08-04
|y BK
|
| 952 |
|
|
|0 0
|1 0
|2 ddc
|4 0
|6 954_920000000000000_KHA
|7 0
|9 55114
|a SCL
|b SCL
|c GEN
|d 2015-08-04
|g 360.00
|l 32
|m 65
|o 954.92 KHA
|p 3020007878
|r 2024-10-30
|s 2024-10-23
|t 11
|w 2015-08-04
|y BK
|
| 952 |
|
|
|0 0
|1 0
|2 ddc
|4 0
|6 954_920000000000000_KHA
|7 0
|9 55359
|a SCL
|b SCL
|c GEN
|d 2015-08-18
|g 400.00
|l 35
|m 104
|o 954.92 KHA
|p 3020007875
|r 2024-07-12
|s 2024-07-03
|t 12
|w 2015-08-18
|y BK
|
| 952 |
|
|
|0 0
|1 0
|2 ddc
|4 0
|6 954_920000000000000_KHA
|7 0
|9 74020
|a SCL
|b SCL
|c GEN
|d 2023-07-16
|e Development Book Agency
|g 450.00
|l 12
|m 22
|o 954.92 KHA
|p 3020041565
|r 2025-08-04
|s 2025-07-26
|t 13
|v 450.00
|w 2023-07-16
|y BK
|
| 952 |
|
|
|0 0
|1 0
|2 ddc
|4 0
|6 954_920000000000000_KHA
|7 0
|9 74021
|a SCL
|b SCL
|c GEN
|d 2023-07-16
|e Development Book Agency
|g 450.00
|l 10
|m 25
|o 954.92 KHA
|p 3020041566
|r 2025-07-03
|s 2025-02-26
|t 14
|v 450.00
|w 2023-07-16
|y BK
|
| 952 |
|
|
|0 0
|1 0
|2 ddc
|4 0
|6 954_920000000000000_KHA
|7 0
|9 74022
|a SCL
|b SCL
|c GEN
|d 2023-07-16
|e Development Book Agency
|g 450.00
|l 13
|m 16
|o 954.92 KHA
|p 3020041567
|r 2025-09-04
|s 2025-08-29
|t 15
|v 450.00
|w 2023-07-16
|y BK
|
| 952 |
|
|
|0 0
|1 0
|2 ddc
|4 0
|6 954_920000000000000_KHA
|7 0
|9 74023
|a SCL
|b SCL
|c GEN
|d 2023-07-16
|e Development Book Agency
|g 450.00
|l 7
|m 27
|o 954.92 KHA
|p 3020041568
|r 2025-06-28
|s 2025-06-25
|t 16
|v 450.00
|w 2023-07-16
|y BK
|
| 952 |
|
|
|0 0
|1 0
|2 ddc
|4 0
|6 954_920000000000000_KHA
|7 0
|9 74024
|a SCL
|b SCL
|c GEN
|d 2023-07-16
|e Development Book Agency
|g 450.00
|l 2
|m 31
|o 954.92 KHA
|p 3020041569
|r 2025-01-10
|s 2023-10-10
|t 17
|v 450.00
|w 2023-07-16
|y BK
|
| 952 |
|
|
|0 0
|1 0
|2 ddc
|4 0
|6 954_920000000000000_KHA
|7 0
|9 74025
|a SCL
|b SCL
|c GEN
|d 2023-07-16
|e Development Book Agency
|g 450.00
|l 10
|m 46
|o 954.92 KHA
|p 3020041570
|r 2025-12-20
|s 2025-10-26
|t 18
|v 450.00
|w 2023-07-16
|y BK
|
| 952 |
|
|
|0 0
|1 0
|2 ddc
|4 0
|6 954_920000000000000_KHA
|7 0
|9 74026
|a SCL
|b SCL
|c GEN
|d 2023-07-16
|e Development Book Agency
|g 450.00
|l 17
|m 18
|o 954.92 KHA
|p 3020041571
|r 2025-09-07
|s 2025-09-01
|t 19
|v 450.00
|w 2023-07-16
|y BK
|
| 952 |
|
|
|0 0
|1 0
|2 ddc
|4 0
|6 954_920000000000000_KHA
|7 0
|9 74027
|a SCL
|b SCL
|c GEN
|d 2023-07-16
|e Development Book Agency
|g 450.00
|l 8
|m 30
|o 954.92 KHA
|p 3020041572
|r 2025-03-23
|s 2025-03-18
|t 20
|v 450.00
|w 2023-07-16
|y BK
|
| 952 |
|
|
|0 0
|1 0
|2 ddc
|4 0
|6 954_920000000000000_KHA
|7 0
|9 74028
|a SCL
|b SCL
|c GEN
|d 2023-07-16
|e Development Book Agency
|g 450.00
|l 15
|m 17
|o 954.92 KHA
|p 3020041573
|r 2025-09-07
|s 2025-08-31
|t 21
|v 450.00
|w 2023-07-16
|y BK
|
| 952 |
|
|
|0 0
|1 0
|2 ddc
|4 0
|6 954_920000000000000_KHA
|7 0
|9 74029
|a SCL
|b SCL
|c GEN
|d 2023-07-16
|e Development Book Agency
|g 450.00
|l 8
|m 37
|o 954.92 KHA
|p 3020041574
|r 2025-12-20
|s 2025-06-22
|t 22
|v 450.00
|w 2023-07-16
|y BK
|